Detalles MARC
| 000 -LEADER |
| fixed length control field |
01381nam a2200325 a 4500 |
| 001 - CONTROL NUMBER |
| control field |
000015044 |
| 003 - CONTROL NUMBER IDENTIFIER |
| control field |
DO-SdBNP |
| 005 - DATE AND TIME OF LATEST TRANSACTION |
| control field |
20240206123230.0 |
| 008 - FIXED-LENGTH DATA ELEMENTS--GENERAL INFORMATION |
| fixed length control field |
100129s2000 dr 001 0bspa d |
| 020 ## - INTERNATIONAL STANDARD BOOK NUMBER |
| International Standard Book Number |
9993401552 |
| 040 ## - CATALOGING SOURCE |
| Original cataloging agency |
DO-SdBNP |
| Language of cataloging |
spa |
| Transcribing agency |
BPMSU |
| 082 ## - DEWEY DECIMAL CLASSIFICATION NUMBER |
| Classification number |
923.1097293 |
| Item number |
H594c, 2000 |
| Edition number |
22 |
| 100 1# - MAIN ENTRY--PERSONAL NAME |
| Personal name |
Castro, Víctor Manuel de, |
| Dates associated with a name |
1872-1924 |
| 245 10 - TITLE STATEMENT |
| Title |
Cosas de Lilís ; |
| Remainder of title |
Más cosas de Lilís / |
| Statement of responsibility, etc. |
Víctor M. de Castro, Gustavo E. Bergés Bordas ; prólogo Américo Lugo. |
| 250 ## - EDITION STATEMENT |
| Edition statement |
2a ed. |
| 260 ## - PUBLICATION, DISTRIBUTION, ETC. (IMPRINT) |
| Place of publication, distribution, etc. |
Santo Domingo : |
| Name of publisher, distributor, etc. |
Ediciones Librería La Trinitaria, |
| Date of publication, distribution, etc. |
2000. |
| Manufacturer |
|
| 300 ## - PHYSICAL DESCRIPTION |
| Extent |
76, 67 p. ; |
| Dimensions |
21 cm. |
| 500 ## - GENERAL NOTE |
| General note |
Incluye datos biográficos de los autores en la contracubierta |
| 500 ## - GENERAL NOTE |
| General note |
Publicado con: Más cosas de Lilís / Gustavo E. Bergés Bordas. |
| 563 ## - BINDING INFORMATION |
| Binding note |
Dos obras encuadernadas juntas con paginación independiente. |
| 590 ## - LOCAL NOTE (RLIN) |
| Local note |
Inventariado, 2024/VM |
| 600 14 - SUBJECT ADDED ENTRY--PERSONAL NAME |
| Personal name |
Heureaux, Ulises |
| Dates associated with a name |
1845-1899 |
| Form subdivision |
Anécdotas, chistes, sátiras, etc |
| 650 #4 - SUBJECT ADDED ENTRY--TOPICAL TERM |
| Topical term or geographic name as entry element |
Presidentes |
| Geographic subdivision |
República Dominicana |
| Form subdivision |
Anécdotas, chistes, sátiras, etc |
| 650 #4 - SUBJECT ADDED ENTRY--TOPICAL TERM |
| Topical term or geographic name as entry element |
Presidentes |
| Geographic subdivision |
República Dominicana |
| Form subdivision |
Biografías |
| 651 #4 - SUBJECT ADDED ENTRY--GEOGRAPHIC NAME |
| Geographic name |
República Dominicana |
| General subdivision |
Historia |
| Chronological subdivision |
1844-1930 |
| 700 1# - ADDED ENTRY--PERSONAL NAME |
| Personal name |
Bergés Bordas, Gustavo E., |
| Dates associated with a name |
1895-1925 |
| Title of a work |
Más cosas de Lilís |
| 700 1# - ADDED ENTRY--PERSONAL NAME |
| Personal name |
Lugo, Américo, |
| Dates associated with a name |
1870-1952 |
| Relator term |
pról. |
| 910 ## - USER-OPTION DATA (OCLC) |
| User-option data |
VMateo V. Control de calidad BPMSU |
| 942 ## - ADDED ENTRY ELEMENTS (KOHA) |
| Source of classification or shelving scheme |
Dewey Decimal Classification |
| Koha item type |
Libros |